[Event "Plunge op-A 41st"]
[Site "Plateliai"]
[Date "2022.07.20"]
[Round "4"]
[White "Vaiciunas, Giedrius"]
[Black "Misiuk, Martynas"]
[Result "1/2-1/2"]
[WhiteElo "1586"]
[BlackElo "1652"]
[PlyCount "63"]
[EventDate "2022.07.18"]
[EventType "swiss"]
[EventRounds "9"]
[EventCountry "LTU"]
[SourceTitle "CBM 209 Extra"]
[Source "ChessBase"]
[SourceDate "2022.09.30"]
[SourceVersion "1"]
[SourceVersionDate "2022.09.30"]
[SourceQuality "1"]

1. d4 Nf6 2. c4 g6 3. Nc3 d5 4. Bf4 Bg7 5. e3 0-0 6. Nf3 c5 7. cxd5 Nxd5 8. Be5 Nc6 9. Bxg7 Nxc3 10. bxc3 Kxg7 11. Be2 Qc7 12. 0-0 Rd8 13. Qc1 Bf5 14. Qb2 Rd7 15. Qa3 cxd4 16. cxd4 Qd6 17. Qxd6 Rxd6 18. Nd2 Nb4 19. Nc4 Rc6 20. Na5 Rc2 21. Bf3 Rxa2 22. Rxa2 Nxa2 23. Nxb7 Rc8 24. Nc5 Bc2 25. h3 Rb8 26. Bd1 Nb4 27. Bxc2 Nxc2 28. Rc1 Rb2 29. Na4 Ra2 30. Nc3 Ra1 31. Rxa1 Nxa1 32. Kf1 1/2-1/2

[Event "LTU-ch sf"]
[Site "Kaunas"]
[Date "2021.09.28"]
[Round "7"]
[White "Vaiciunas, Giedrius"]
[Black "Zalimas, Ugnius"]
[Result "1-0"]
[WhiteElo "1553"]
[BlackElo "1324"]
[PlyCount "119"]
[EventDate "2021.09.24"]
[EventType "swiss"]
[EventRounds "8"]
[EventCountry "LTU"]
[SourceTitle "EXT 2023"]
[Source "ChessBase"]
[SourceDate "2022.10.05"]
[SourceVersion "1"]
[SourceVersionDate "2022.10.05"]
[SourceQuality "1"]

1. d4 Nf6 2. c4 e6 3. Nc3 d5 4. cxd5 Nxd5 5. e4 Nxc3 6. bxc3 c5 7. Nf3 cxd4 8. cxd4 Bb4+ 9. Bd2 Bxd2+ 10. Qxd2 0-0 11. Be2 b6 12. 0-0 Bb7 13. Qe3 Nd7 14. Nd2 Qe7 15. e5 Rac8 16. Nc4 Bd5 17. Nd6 Rc2 18. a4 Nb8 19. Bd3 Rc7 20. Be4 Bxe4 21. Qxe4 Nc6 22. Nb5 Rcc8 23. Rac1 Na5 24. h3 Rfd8 25. Nd6 Rc7 26. Rxc7 Qxc7 27. Qf4 Qd7 28. Rc1 Nb7 29. Nb5 Rc8 30. Nxa7 Rxc1+ 31. Qxc1 Na5 32. Qc8+ Qxc8 33. Nxc8 Nb3 34. d5 exd5 35. Ne7+ Kf8 36. Nxd5 Na5 37. Nxb6 Ke7 38. f4 h5 39. Nd5+ Ke6 40. Ne3 g5 41. g3 f6 42. exf6 Kxf6 43. f5 Nc6 44. g4 h4 45. Nc4 Nb4 46. a5 Na6 47. Kf2 Nb4 48. Nd2 Ke5 49. Nf3+ Kf6 50. Ke3 Nd5+ 51. Ke4 Nc3+ 52. Kd4 Nb5+ 53. Kc5 Nc7 54. Kc6 Na6 55. Kb6 Nb4 56. a6 Nd5+ 57. Kb7 Nf4 58. a7 Nxh3 59. a8Q Nf2 60. Qf8# 1-0

[Event "LTU-ch Amateurs"]
[Site "Kaunas"]
[Date "2020.08.30"]
[Round "6"]
[White "Zaura, Vidmantas"]
[Black "Vaiciunas, Giedrius"]
[Result "1-0"]
[WhiteElo "2118"]
[BlackElo "1436"]
[PlyCount "99"]
[EventDate "2020.08.27"]
[EventType "swiss"]
[EventRounds "7"]
[EventCountry "LTU"]
[SourceTitle "EXT 2022"]
[Source "ChessBase"]
[SourceDate "2021.10.06"]
[SourceVersion "1"]
[SourceVersionDate "2021.10.06"]
[SourceQuality "1"]

1. Nf3 d5 2. g3 Nf6 3. c4 c6 4. b3 Bf5 5. Bg2 e6 6. Bb2 Nbd7 7. 0-0 Bd6 8. d3 Qe7 9. Nc3 0-0 10. Nh4 Bg6 11. Nxg6 hxg6 12. d4 Ba3 13. Qc1 Bxb2 14. Qxb2 Nb6 15. c5 Nbd7 16. f4 b6 17. b4 Rfb8 18. Qd2 bxc5 19. bxc5 Qd8 20. e4 dxe4 21. Nxe4 Nxe4 22. Bxe4 Rc8 23. Rfd1 Nf6 24. Bf3 Nd5 25. Rab1 Rab8 26. Be2 Rxb1 27. Rxb1 Rb8 28. Rxb8 Qxb8 29. Bd3 Qb4 30. Qxb4 Nxb4 31. Be4 Nd5 32. Kf2 Kf8 33. Kf3 Ke7 34. Bd3 Kd7 35. Bc4 Nc7 36. g4 f5 37. gxf5 gxf5 38. Kg3 Ke7 39. a4 a5 40. Kh4 Kf6 41. Kh5 Nd5 42. Bxd5 exd5 43. h3 g6+ 44. Kh6 Kf7 45. Kg5 Kg7 46. h4 Kf7 47. h5 gxh5 48. Kxh5 Kf6 49. Kh6 Kf7 50. Kg5 1-0

[Event "Plunge op-B 39th"]
[Site "Plateliai"]
[Date "2019.07.21"]
[Round "9"]
[White "Vaiciunas, Giedrius"]
[Black "Norkunas, Azuolas1111"]
[Result "1/2-1/2"]
[WhiteElo "1324"]
[BlackElo "1207"]
[PlyCount "53"]
[EventDate "2019.07.15"]
[EventType "swiss"]
[EventRounds "9"]
[EventCountry "LTU"]
[SourceTitle "EXT 2020"]
[Source "ChessBase"]
[SourceDate "2019.10.17"]
[SourceVersion "1"]
[SourceVersionDate "2019.10.17"]
[SourceQuality "1"]

1. d4 Nf6 2. c4 g6 3. Nc3 d5 4. Bg5 dxc4 5. e4 Bg7 6. e5 Nd5 7. Bxc4 Nb6 8. Bb3 0-0 9. Nge2 h6 10. Be3 c6 11. 0-0 e6 12. Ne4 Nd5 13. Bxd5 exd5 14. Nd6 Na6 15. Nxc8 Rxc8 16. Qd3 Nc7 17. f4 f5 18. Rac1 Ne6 19. Rc2 Rf7 20. Rfc1 Rfc7 21. b4 a6 22. a4 b5 23. a5 Bf8 24. Bd2 Be7 25. g3 Qf8 26. Rb1 h5 27. h4 1/2-1/2

[Event "Plunge op-B 39th"]
[Site "Plateliai"]
[Date "2019.07.16"]
[Round "2"]
[White "Jonaitis, Herkus"]
[Black "Vaiciunas, Giedrius"]
[Result "0-1"]
[WhiteElo "1170"]
[BlackElo "1324"]
[PlyCount "54"]
[EventDate "2019.07.15"]
[EventType "swiss"]
[EventRounds "9"]
[EventCountry "LTU"]
[SourceTitle "EXT 2020"]
[Source "ChessBase"]
[SourceDate "2019.10.17"]
[SourceVersion "1"]
[SourceVersionDate "2019.10.17"]
[SourceQuality "1"]

1. Nf3 d5 2. c4 e6 3. Nc3 Nf6 4. d4 Be7 5. Bf4 c6 6. c5 Nbd7 7. e3 0-0 8. Bd3 h6 9. Be5 Nxe5 10. Nxe5 Nd7 11. Nxd7 Bxd7 12. Qc2 Bf6 13. 0-0-0 b6 14. b4 bxc5 15. dxc5 a5 16. a3 axb4 17. axb4 Ra3 18. Nb1 Ra1 19. Kd2 Qb8 20. Qb3 Qa7 21. Ke1 Rb8 22. Kf1 Qa4 23. Qxa4 Rxa4 24. Nd2 Rbxb4 25. Bc2 Ra2 26. Bb3 Rb2 27. Rb1 Rxd2 0-1

[Event "Klaipeda Sea op-A 15th"]
[Site "Klaipeda"]
[Date "2018.07.28"]
[Round "6"]
[White "Pakalniskis, Romas"]
[Black "Vaiciunas, Giedrius"]
[Result "0-1"]
[WhiteElo "1659"]
[BlackElo "1039"]
[PlyCount "108"]
[EventDate "2018.07.23"]
[EventType "swiss"]
[EventRounds "7"]
[EventCountry "LTU"]
[SourceTitle "CBM 186 Extra"]
[Source "ChessBase"]
[SourceDate "2018.08.24"]
[SourceVersion "1"]
[SourceVersionDate "2018.08.24"]
[SourceQuality "1"]

1. c4 c5 2. Nc3 Nf6 3. g3 Nc6 4. Bg2 g6 5. d3 Bg7 6. e3 d6 7. Nge2 0-0 8. a3 a6 9. Rb1 Ne8 10. 0-0 Nc7 11. Nd5 Nxd5 12. cxd5 Ne5 13. f4 Nd7 14. Bd2 a5 15. Nc3 b6 16. a4 Ba6 17. Nb5 Bxb5 18. axb5 f5 19. Bc3 Nf6 20. Qa4 Qd7 21. Rbd1 Ne8 22. Bxg7 Kxg7 23. e4 fxe4 24. dxe4 Nc7 25. e5 Qxb5 26. Qc2 a4 27. exd6 exd6 28. Qc3+ Kg8 29. Bh3 Qb3 30. Qd2 Rfe8 31. Rfe1 Qb4 32. Qc1 Rxe1+ 33. Rxe1 Qd4+ 34. Kh1 Re8 35. Rxe8+ Nxe8 36. Be6+ Kf8 37. f5 Qe4+ 38. Kg1 Qd4+ 39. Kg2 Qe4+ 40. Kh3 Kg7 41. b3 Nf6 42. fxg6 Qxg6 43. Qb2 axb3 44. Qxb3 Qh5+ 45. Kg2 Qe2+ 46. Kg1 Ne4 47. Qb1 Qf2+ 48. Kh1 Nd2 49. Qa1+ Qf6 50. Qd1 Qf3+ 51. Qxf3 Nxf3 52. Kg2 Ne5 53. Bd7 b5 54. Kf2 b4 0-1

[Event "LTU-chT"]
[Site "Lithuania"]
[Date "2018.04.14"]
[Round "6.4"]
[White "Scekaciov, Rostislav"]
[Black "Vaiciunas, Giedrius"]
[Result "1-0"]
[WhiteElo "1332"]
[BlackElo "1079"]
[PlyCount "81"]
[EventDate "2018.01.27"]
[EventType "team-swiss"]
[EventRounds "7"]
[EventCountry "LTU"]
[SourceTitle "EXT 2019"]
[Source "ChessBase"]
[SourceDate "2018.10.10"]
[SourceVersion "1"]
[SourceVersionDate "2018.10.10"]
[SourceQuality "1"]
[WhiteTeam "Klaipeda Teisingumo"]
[BlackTeam "Kaunas Mirazas"]
[WhiteTeamCountry "LTU"]
[BlackTeamCountry "LTU"]

1. d4 d5 2. Bf4 Nf6 3. Nf3 e6 4. e3 Bd6 5. Bxd6 Qxd6 6. a3 c6 7. c4 0-0 8. Bd3 Qe7 9. 0-0 Nbd7 10. cxd5 cxd5 11. Nc3 a6 12. Rc1 Qd6 13. e4 dxe4 14. Nxe4 Nxe4 15. Bxe4 Nf6 16. Bd3 Qb6 17. Qd2 h6 18. Ne5 Nd7 19. Nc4 Qd8 20. Rc2 Nb6 21. Rfc1 Nxc4 22. Rxc4 Qd5 23. Rc7 f5 24. Qb4 Qd8 25. Bc4 Rf7 26. Rxf7 Kxf7 27. Re1 b5 28. Bb3 Ra7 29. Qc5 Qc7 30. Qxf5+ Kg8 31. Bxe6+ Bxe6 32. Qxe6+ Kh8 33. Qf5 Ra8 34. Qc5 Qa5 35. Qc3 Qd8 36. Qc6 Rc8 37. Qxa6 Rc7 38. Qxb5 Qxd4 39. Qf5 Qd8 40. Qc2 Qf8 41. Qg6 1-0

[Event "Panevezys Gigant op-B"]
[Site "Panevezys"]
[Date "2017.08.19"]
[Round "4"]
[White "Aviza, Elijas"]
[Black "Vaiciunas, Giedrius"]
[Result "1-0"]
[WhiteElo "1428"]
[BlackElo "1057"]
[PlyCount "85"]
[EventDate "2017.08.18"]
[EventType "swiss"]
[EventRounds "7"]
[EventCountry "LTU"]
[SourceTitle "EXT 2019"]
[Source "ChessBase"]
[SourceDate "2018.10.10"]
[SourceVersion "1"]
[SourceVersionDate "2018.10.10"]
[SourceQuality "1"]

1. d4 d5 2. Nf3 e6 3. e3 c5 4. dxc5 Nc6 5. b3 Bxc5 6. Bb2 Nf6 7. Be2 Qc7 8. Bxf6 gxf6 9. c4 Bb4+ 10. Nbd2 Bxd2+ 11. Qxd2 dxc4 12. Bxc4 Qa5 13. Qxa5 Nxa5 14. Bb5+ Bd7 15. Bxd7+ Kxd7 16. 0-0 Nc6 17. Rfd1+ Ke7 18. Rd2 Rad8 19. Rad1 Rxd2 20. Rxd2 Rd8 21. Rxd8 Nxd8 22. Kf1 Nc6 23. Ke2 Nb4 24. a3 Nc2 25. a4 Nb4 26. Nd4 Nc6 27. Nxc6+ bxc6 28. Kd3 f5 29. Kd4 Kd6 30. f3 a5 31. e4 e5+ 32. Kc4 f4 33. b4 axb4 34. Kxb4 Kc7 35. Kc5 h5 36. a5 h4 37. h3 Kb7 38. a6+ Kxa6 39. Kxc6 Ka5 40. Kd6 f6 41. Ke6 Kb5 42. Kxf6 Kc6 43. Kxe5 1-0

[Event "Panevezys Gigant op-B"]
[Site "Panevezys"]
[Date "2017.08.19"]
[Round "3"]
[White "Vaiciunas, Giedrius"]
[Black "Katinas, Kazimieras"]
[Result "1/2-1/2"]
[WhiteElo "1057"]
[BlackElo "1509"]
[PlyCount "69"]
[EventDate "2017.08.18"]
[EventType "swiss"]
[EventRounds "7"]
[EventCountry "LTU"]
[SourceTitle "EXT 2019"]
[Source "ChessBase"]
[SourceDate "2018.10.10"]
[SourceVersion "1"]
[SourceVersionDate "2018.10.10"]
[SourceQuality "1"]

1. e4 g6 2. d4 d5 3. exd5 Qxd5 4. Nc3 Qd8 5. Be3 Nf6 6. Bc4 Bg4 7. Be2 Bf5 8. Nf3 Bg7 9. h3 0-0 10. Bd3 Bxd3 11. Qxd3 Nd5 12. Nxd5 Qxd5 13. Qb3 Qxb3 14. axb3 Nc6 15. c3 a6 16. 0-0 Rfd8 17. Bf4 Rd7 18. Rae1 e6 19. Ne5 Bxe5 20. Bxe5 Ne7 21. Bh2 c6 22. b4 Nc8 23. Re2 Nb6 24. Bg3 Nc4 25. Be5 Nb6 26. Bh2 Nd5 27. Be5 Ne7 28. Bh2 Nd5 29. Be5 f6 30. Bh2 Kf7 31. Rfe1 Re8 32. Bg3 h5 33. Bh2 g5 34. f3 h4 35. Ra1 1/2-1/2